000 00592nam a2200193Ia 4500
005 20250923145122.0
008 008 250917s9999 xx 000 0 eng d
037 _aReference
040 _aDSWL
_beng
_cDSWL
041 _aeng
_2eng
084 _aX:16.1N53t, N54
_qDSWL
245 0 _aReport on international definition & measurement standards and levels of living
_cby United Nations
260 _aNew York
_b United Nations
_c1954
300 _av,58 p.
365 _aUSD
_b1.5
925 _g1.5
942 _cREF
_hX:16.1N53t, N54
999 _c1447373
_d1447373